000 00472nam a2200181Ia 4500
001 19432
005 20260306172652.0
008 260306t2013||||xx |||||||||||||| ||spa||
041 _aESP
082 _a343.21C
_bR63
100 _aRioja Bermúdez, Alexander
_eAUT
245 0 _aCódigo procesal constitucional y su jurisprudencia en nuestro Tribunal Constitucional
260 _c2013
300 _a
_c
650 _aGEN
654 _aCDE
942 _cLIB
_dJUS
_fJUS
_2ddc
_n
999 _c19432
_d19432